It's not that easy being green Quiz Stats

 Plays Quiz not verified by Sporcle

Score 0/21 Timer 05:00
0 Plays Today
Description Answer % Correct
The most famous ogre in pop culture today.Shrek
91.6%
He lives in a trashcan.Oscar the Grouch
89.7%
Jim Henson's most well-known muppet.Kermit the Frog
89.4%
You won't like him when he's angry...The Incredible Hulk
85.9%
He doesn't like christmas or any who-cheer. The Grinch
85.1%
Spokes-character for brand of frozen vegetables. Often seen in leafy toga.The Jolly Green Giant
79.1%
Mary Shelley's monster. Usually depicted in this color. Frankenstein's Monster
76.7%
Pizza-loving reptiles with a rat for a trainer.Teenage Mutant Ninja Turtles
74.3%
This character, figure out, you will.Yoda
72.7%
Jumping slime that resulted from an experiment done by Robin WilliamsFlubber
67.6%
Classic Spider-man villain. Armed with pumpkin bombs, a glider, and some added insanity.The Green Goblin
63.8%
Description Answer % Correct
Long-tongued nintendo character. Often shown as a plumber's pet.Yoshi
63.3%
Clay TV figure from 1955-1989.Gumby
54.4%
Even with musical redemption, she still gets nasty around jewel-encrested footwear. Just don't get her wet.Wicked Witch of the West
54%
Fictional ghost with multiple chins. Who you gonna call?Slimer
42.4%
Rugrat's dinosaur.Reptar
42.2%
Dragon Ball character that is not to be confused with a tiny flutePiccolo
35.7%
Simpsons' aliens from Rigel VII bent on the conquest of earth.Kang & Kodos
26.1%
Red-headed monster from Street FighterBlanka
17.5%
Co-host of educational christian kid's show, with Bob as the other host. Larry the Cucumber
15.6%
Marvin the Martian's pet dog.K-9
9.8%

You're not logged in!

Compare scores with friends on all Sporcle quizzes.
OR
Log In

Show Comments

Extras

Top Quizzes Today


Score Distribution

Your Account Isn't Verified!

In order to create a playlist on Sporcle, you need to verify the email address you used during registration. Go to your Sporcle Settings to finish the process.

Report this User

Report this user for behavior that violates our Community Guidelines.

Details: